000 02413nam a22003494i 4500
001 Rebiun13974039
003 CO-MdFUSB
005 20241204171651.0
008 011002s19950000ag 000 0 spa a
020 _a9509674303
040 _aDEUSTO.
_bspa
_cCO-MdFUSB
_dCO-MdFUSBC
_erda
041 _aspa
080 _a236.9
082 _223
_a236.9
_bC382
100 2 _aCaviglia Campora, B.
_eautor
245 1 0 _aTercer milenio
_b: el misterio del Apocalipsis
_c/ B. Caviglia Cámpora , Antonio van Rixtel
264 1 _aBuenos Aires, Argentina :
_bFundación Gladius,
_c℗ 1995
264 4 _b©1995
300 _a651 páginas ;
_c24 cm
336 _2rdacontent
_atexto
_btxt
337 _2rdamedia
_asin mediación
_bn
338 _2rdacarrier
_avolumen
_bnc
505 _gPrimera parte.
_tEl libro de los siete sellos:
_aA modo de prólogo: en la perspectiva del tercer milenio -- Una carta y su autor -- Sagrada escritura. (l) inspiración e interpretación -- Sagrada escritura (ll) profetismo y Apocalipsis
505 _gSegunda parte.
_tSe abren los sellos:
_aApocalipsis (l) presupuestos de la interpretación -- Apocalipsis (ll) esquema de interpretación -- El milenio, polémica de los siglos (l) segundo advenimiento de y reino de Cristo -- El milenio, polémica de los siglos (ll) características del reino de Cristo -- El mileno, como revelación y como complejo eclesiástico -- Lo ya esclarecido (l): Las cartas y las sietes iglesias -- Lo ya esclarecido (ll): Las dos mujeres y la gran Babilonia
505 _gTercera parte.
_tHa llegado la última fase de los tiempos:
_aSignos escatológicos y magisterio pontificio (l): Los signos en papas del siglo XX -- Signos escatológicos y magisterio pontificio (ll): La confusión intraeclesial bajo Pablo Vl y Juan Pablo ll -- Advertencias de la divina misericordia (l): De Ana Catalina Emmerick a Fatima -- Advertencias de la divina misericordia (ll): De Fatima a San Nicolas -- Increible reiteración de las "Advertencias" y aquella que viene desde el fondo de la historia -- ¿Cuan inminente son la parusia y el reino de Cristo? -- Sintesis doctrinaria: Milenarismo y Magisterio , el decreto del 2 de julio de 1994, pronunciamiento magisterial triplemente ratificado
563 _aTapa rústica
650 0 _aFin del mundo
_91094
650 7 _aEscatología
_9213
700 2 0 _aVan Rixtel, Antonio
_eautor
942 _cBK
945 _aLuz
999 _c64569
_d64569